[Event "London Chess Classic: Blitz A"]
[Site "London"]
[Date "2019.12.08"]
[Round "1"]
[White "Pappelis, Dimitrios"]
[Black "Sandhu, Manvith"]
[Result "1-0"]
[WhiteElo "2019"]
[BlackElo "1503"]
[PlyCount "69"]
[EventDate "2019.12.08"]
[EventType "swiss (blitz)"]
[EventRounds "11"]
[EventCountry "ENG"]
[SourceTitle "EXT 2021"]
[Source "ChessBase"]
[SourceDate "2020.10.23"]
[SourceVersion "1"]
[SourceVersionDate "2020.10.23"]
[SourceQuality "1"]

1. c4 c6 2. e4 d5 3. exd5 cxd5 4. d4 e6 5. Nc3 Nf6 6. Nf3 Nc6 7. cxd5 Nxd5 8. Bd3 Bb4 9. Bd2 Nxc3 10. bxc3 Bd6 11. 0-0 0-0 12. Re1 Qc7 13. h3 b6 14. Bxh7+ Kh8 15. Bd3 Bf4 16. Bxf4 Qxf4 17. Re4 Qf6 18. Rh4+ Kg8 19. Bh7+ Kh8 20. Be4+ Kg8 21. Bxc6 Rb8 22. Qd3 g6 23. Re1 Rd8 24. Qe4 Rd6 25. Ne5 Qg7 26. Rf4 f5 27. Qf3 g5 28. Qh5 gxf4 29. Qe8+ Kh7 30. Qh5+ Kg8 31. Qe8+ Kh7 32. Qh5+ Kg8 33. Be8 Bb7 34. Bf7+ Kf8 35. d5 1-0